000 00987nam0a22002411i 4500
001 rc\456649
005 20240726021207.0
035 _a(NLR Aleph) 005701270
090 _a7280001
_c7280001
100 _a20030616d1987 u |0rusy50 ca
101 0 _arus
102 _aRU
105 _aa |||||||||
200 1 _aО внешних и внутренних аэродинамических силах и моментах летательных аппаратов с ВРД и их моделей при ненулевых углах атаки и скольжения
210 _aМ.
_cЦАГИ
_d1987
215 _a17 с.
_cил.
_d26
225 1 _aТруды Центрального аэрогидродинамического института им. профессора Н.Е. Жуковского
_vВып. 2328
320 _aБиблиогр.: с. 17
700 1 _aБлищ
_bВ.Г.
801 0 _aRU
_bNLR
_gpsbo
801 1 _aRU
_bELAR
_2rusmarc
852 _aNLR
_jП11/665
942 _cBOOK